| 000 | 00468nam a2200181Ia 4500 | ||
|---|---|---|---|
| 005 | 20240823042304.0 | ||
| 008 | 240823s9999||||xx |||||||||||||| ||und|| | ||
| 020 | _a0-07-058597-0 | ||
| 041 | _aENGLISH | ||
| 082 | _A621.392 | ||
| 100 | _aRamachandran S | ||
| 245 | 0 | _a"Design of Jigs,Fixtures and Press Tools" | |
| 250 | _a1st | ||
| 260 |
_c2004 _b"Air Walk Pub,Ch" _aChennai |
||
| 500 | _aTRANSFERED | ||
| 650 |
_aJigs _bAeronautical Engineering |
||
| 942 | _cBK | ||
| 999 |
_c207515 _d207515 |
||